| 000 | 01321nam a22003017a 4500 | ||
|---|---|---|---|
| 003 | DO-SdBNP | ||
| 005 | 20251211095607.0 | ||
| 007 | ta | ||
| 008 | 210322e2019 dr ||||gr|||| 001 edspa d | ||
| 020 | _a9789945613421 | ||
| 040 |
_aDO-SdBNP _bspa _cBNPHU |
||
| 082 | 4 |
_a320.97293 _bF372g _222 |
|
| 100 | 1 |
_aFerrán, Fernando I., _935398 |
|
| 245 | 1 | 3 |
_aLa gran apuesta : _bcrítica a la democracia dominicana / _cFernando I. Ferrán; Edición, Aimara Vera Riverón |
| 260 |
_aSanto Domingo : _bArchivo General de la Nación, _c2019 |
||
| 300 |
_a145 p. ; _c23 cm. |
||
| 490 | 0 |
_aArchivo General de la Nación ; _v376 |
|
| 500 | _aIncluye datos biográficos del autor en la solapas de las cubiertas | ||
| 500 | _aIncluye bibliografía y notas al pié de páginas | ||
| 505 |
_aPrólogo. _tI. Democracia y ciudadanos.-- _tII. Nuestra América y el caso dominicano.-- _tIII. Ruptura de la conciencia-democrática.-- _tIV. Talón de Aquiles de la democracia dominicana.-- |
||
| 590 | _aInventariado, 2020/BT | ||
| 650 | 0 |
_aDemocracia _zRepública Dominicana _y1963 _9286 |
|
| 650 | 4 |
_aSistema político _zRepública Dominicana _934556 |
|
| 700 |
_977931 _aVera Riverón, Aimara, _eed. |
||
| 710 | 2 |
_aPontificia Universidad Católica Madre y Maestra _9843 |
|
| 910 | _aValidado. Control de calidad. MAA | ||
| 942 |
_2ddc _cLBS1 |
||
| 999 |
_c49642 _d49642 |
||